Investment And hysteresis.

Ekonomická teória investícií v konkurenčných podmienkach. Časový horizont investícií a hodnota "čakania". Príklad diskrétneho investičného projektu. Optimálna investičná politika. Dynamika konkurenčného priemyslu. Neekonomické aplikácie.

Guardado en:
Detalles Bibliográficos
Autor principal: Dixit, A.
Formato: Capítulo de libro
Lenguaje:inglés
Materias:
Etiquetas: Agregar Etiqueta
Sin Etiquetas, Sea el primero en etiquetar este registro!

MARC

LEADER 00000naa a2200000 4500
001 r008264
005 20220913122705.1
041 0 |a eng 
044 |a US 
245 1 0 |a Investment And hysteresis.  |c A. Dixit 
520 |a Ekonomická teória investícií v konkurenčných podmienkach. Časový horizont investícií a hodnota "čakania". Príklad diskrétneho investičného projektu. Optimálna investičná politika. Dynamika konkurenčného priemyslu. Neekonomické aplikácie. 
610 2 0 |a teória investícií 
610 2 0 |a politika investičná 
610 2 0 |a konkurencia 
610 2 0 |a priemysel 
610 2 0 |a rozhodovanie za neurčitosti 
610 2 0 |a faktor času 
610 2 0 |a návratnosť investícií 
100 1 |a Dixit, A.